Szczegóły MARC21

Turystyka w Polsce : uwarunkowania organizacyjne i prawne /

003 -Nazwa inst., której nr kontr. jest w polu 001 [,]
    • @
    • Nazwa instytucji, której n kontrolny jest w polu 001
    • NUKAT
005 -DATA I CZAS OSTATNIEJ MODYFIKACJI [,]
    • @
    • pole kontrolne
    • 20250315003632.0
020 -Międzynarod. znormalizowany nr książki - ISBN [ , ]
    • a
    • Numer ISBN
    • 9788360594117 Find
040 -Instytucja sporządzająca opis [ , ]
    • a
    • Instytucja, która sporządziła opis (NP)
    • TOR U/KC
    • c
    • Instytucja, która sporządziła rekord (NP)
    • TOR U/KC
    • d
    • Instytucja, która zmodyfikowała rekord (P)
    • TOR U/LF
    • d
    • Instytucja, która zmodyfikowała rekord (P)
    • TOR U/an7s
942 -Rodzaj dokumentu [ , ]
    • c
    • Rodzaj dokumentu
    • Książka
100 -Hasło główne - nazwa osobowa [1, ]
    • a
    • Nazwa osobowa (NP)
    • Butowski, Leszek
    • d
    • Daty biograficzne (NP)
    • (1965- ).
    • 9
    • KHW
    • 1719
245 -Strefa tytułu i oznaczenia odpowiedzialności [1,0]
    • a
    • Tytuł
    • Turystyka w Polsce : Find
    • b
    • Ciąg dalszy tytułu (NP)
    • uwarunkowania organizacyjne i prawne / Find
    • c
    • Pozostałe elementy strefy tytułu i oznaczenia odpowiedzialności (NP)
    • Leszek Butowski.
260 -Strefa adresu wydawniczego [ , ]
    • a
    • Miejsce wydania (P)
    • Lublin :
    • b
    • Nazwa wydawcy (P)
    • Wyższa Szkoła Społeczno-Przyrodnicza im. Wincentego Pola,
    • c
    • Data wydania (P)
    • 2007.
300 -Strefa opisu fizycznego [ , ]
    • a
    • Określenie formy książki i/lub objętość (NP)
    • 232, [1] s. :
    • b
    • Oznaczenie ilustracji (NP)
    • il. kolor. ;
    • c
    • Format (NP)
    • 24 cm.
336 -Typ zawartości [ , ]
    • a
    • Termin opisujący typ zawartości
    • Tekst
    • b
    • Kod określający zawartość
    • txt
    • 2
    • Źródło (terminu i kodu)
    • rdacontent
337 -Typ mediów [ , ]
    • a
    • Tryb odtwarzania
    • Bez urządzenia pośredniczącego
    • b
    • Kod typu mediów
    • n
    • 2
    • Źródło (terminu i kodu)
    • rdamedia
338 -Typ/rodzaj nośnika [ , ]
    • a
    • Hasło opisujące typ nośnika
    • Wolumin
    • b
    • Kod typu nośnika
    • nc
    • 2
    • Źródło (terminu i kodu)
    • rdacarrier
504 -Uwaga dot. bibliogr. załącznikowej [ , ]
    • a
    • Uwaga dot. bibliografii załącznikowej
    • Bibliogr. s. 217-228.
080 -Uniwersalna Klasyfikacja Dziesiętna [ , ]
    • 2
    • Identyfikator wydania tablic
    • UDC-P058
    • a
    • Symbol klasyfikacji
    • 338.48
    • b
    • Dopowiedzenie
    • Turystyka. Turyzm.
    • x
    • Poddział wspólny
    • (438)
    • b
    • Dopowiedzenie
    • (Polska).
650 -Hasło przedmiotowe [ ,7]
    • a
    • Hasło przedmiotowe
    • Turystyka
    • z
    • Określnik geograficzny
    • Polska.
    • 2
    • Źródło terminu
    • kaba
    • 9
    • KHW
    • 365388
650 -Hasło przedmiotowe [ ,7]
    • a
    • Hasło przedmiotowe
    • Turystyka
    • x
    • Określnik rzeczowy
    • towarzystwa
    • z
    • Określnik geograficzny
    • Polska.
    • 2
    • Źródło terminu
    • kaba
    • 9
    • KHW
    • 352689
980 -Symbol UKD [ , ]
    • a
    • UKD
    • 338.48 (438)
710 -Hasło dodatkowe - nazwa ciała zbiorowego [2, ]
    • a
    • Nazwa ciała zbiorowego lub nazwa geograficzna jako pierwszy element (NP)
    • Wyższa Szkoła Społeczno-Przyrodnicza im. Wincentego Pola (Lublin).
    • b
    • Nazwa jednostki podrzędnej (P)
    • Wydawnictwo Akademickie.
    • 4
    • Kod relacji
    • pbl
    • 9
    • KHW
    • 73694
920 -ISBN [ , ]
    • a
    • ISBN
    • 978-83-60594-11-7 Find
Uwagi nie widoczne w OPAC Data inwentaryzacji Lokalizacja Status udost. Numer inwentarzowy Sygnatura
 2009-04-07BG-2WM.9514 
 2009-05-05BG-2WM.9666 
 2009-05-05BG-2WM.9667 
podr.geografia2009-04-07BG1Z.112816Z.112816 Geografia
 2016-03-14GW-2GW.7064338
 2008-04-22T-2T.9987 
 2008-04-22T-2TM.5516 
 2008-04-22T-3TM.5517 
 2008-04-22T-3TM.5518